000
00244nam a2200097Ia 4500
001
1100471
005
20250827003240.0
008
250824s9999 xx 000 0 und d
245
0
_a
BABAMIN ŞARKISI
_c
İSMAİL ÖZEN
260
_b
KETEBE YAYINLARI
999
_c
1100471
_d
1100471